[Event "ITA-ch (Women)"]
[Site "Perugia"]
[Date "2016.07.22"]
[Round "?"]
[White "Movileanu, Daniela"]
[Black "Messina, Roberta"]
[Result "1-0"]
[WhiteElo "2245"]
[BlackElo "2125"]
[PlyCount "63"]
[EventDate "2016.07.18"]
[EventType "tourn"]
[EventRounds "7"]
[EventCountry "ITA"]
[SourceTitle "EXT 2024"]
[Source "ChessBase"]
[SourceDate "2023.10.10"]
[SourceVersion "1"]
[SourceVersionDate "2023.10.10"]
[SourceQuality "1"]

1. e4 d6 2. d4 Nf6 3. Nc3 e5 4. Nf3 Nbd7 5. Bc4 Be7 6. 0-0 0-0 7. h3 Nb6 8. Be2 exd4 9. Nxd4 c5 10. Nb3 a6 11. Re1 Be6 12. Bf3 Nc4 13. Nd2 Ne5 14. Nf1 Nxf3+ 15. Qxf3 d5 16. exd5 Bc8 17. Bf4 Ne8 18. Qe3 Bf6 19. Qxc5 Bf5 20. Ne3 Bg6 21. Rad1 Rc8 22. Qb4 b5 23. d6 Bxc3 24. bxc3 Nf6 25. Bg5 Qb6 26. Bxf6 gxf6 27. Nd5 Qb7 28. Ne7+ Kg7 29. Nxc8 Rxc8 30. d7 Rd8 31. Qe7 Qc7 32. Qxd8 1-0

[Event "ITA-ch (Women)"]
[Site "Perugia"]
[Date "2016.07.19"]
[Round "?"]
[White "Messina, Roberta"]
[Black "Di Benedetto, Desiree"]
[Result "1-0"]
[WhiteElo "2125"]
[BlackElo "2159"]
[PlyCount "111"]
[EventDate "2016.07.18"]
[EventType "tourn"]
[EventRounds "7"]
[EventCountry "ITA"]
[SourceTitle "EXT 2024"]
[Source "ChessBase"]
[SourceDate "2023.10.10"]
[SourceVersion "1"]
[SourceVersionDate "2023.10.10"]
[SourceQuality "1"]

1. Nf3 d5 2. e3 Nf6 3. c4 c6 4. b3 Bf5 5. Bb2 Nbd7 6. d4 e6 7. Be2 Bb4+ 8. Bc3 Bd6 9. Nbd2 0-0 10. Ne5 Bxe5 11. dxe5 Ne4 12. Nxe4 Bxe4 13. f3 Bg6 14. cxd5 cxd5 15. Qd4 Nb8 16. 0-0 Nc6 17. Qd2 Qc7 18. Rac1 Rfc8 19. f4 Qb6 20. b4 a6 21. a4 Qd8 22. b5 Ne7 23. Bb4 axb5 24. axb5 b6 25. Rxc8 Rxc8 26. Rc1 Rxc1+ 27. Qxc1 Qc8 28. Qd2 Kf8 29. Qd4 Qc7 30. Bd6 Qb7 31. Qa4 Ke8 32. Qa6 Qxa6 33. bxa6 Nc8 34. Bb8 Kd8 35. a7 Nxa7 36. Bxa7 Kc7 37. Ba6 f6 38. exf6 gxf6 39. g4 Be8 40. h4 e5 41. g5 fxg5 42. hxg5 e4 43. Kf1 Bd7 44. Ke1 Be6 45. Kd2 Bd7 46. Kc3 Be8 47. Kd4 Bf7 48. Ke5 Bg8 49. f5 Bf7 50. Kf6 Be8 51. Ke7 Bh5 52. f6 d4 53. exd4 e3 54. f7 e2 55. Bxe2 Bxf7 56. Kxf7 1-0

[Event "Vimercate op"]
[Site "Vimercate"]
[Date "2015.11.27"]
[Round "4"]
[White "Messina, Roberta"]
[Black "Lapiccirella, Daniele"]
[Result "1/2-1/2"]
[WhiteElo "2039"]
[BlackElo "2235"]
[PlyCount "59"]
[EventDate "2015.11.27"]
[EventType "swiss"]
[EventRounds "5"]
[EventCountry "ITA"]
[SourceTitle "EXT 2018"]
[Source "ChessBase"]
[SourceDate "2017.10.13"]
[SourceVersion "1"]
[SourceVersionDate "2017.10.13"]
[SourceQuality "1"]

1. d4 d5 2. c4 c6 3. Nf3 Nf6 4. g3 Bg4 5. Bg2 e6 6. 0-0 Nbd7 7. Nc3 Be7 8. Qb3 Qb6 9. c5 Qa6 10. h3 Bxf3 11. Bxf3 b6 12. cxb6 axb6 13. e4 dxe4 14. Nxe4 Nd5 15. Nc3 0-0 16. Be2 Qa7 17. Nxd5 cxd5 18. Bf4 Rfc8 19. Bb5 Nf8 20. g4 Ng6 21. Bg3 Bf6 22. Rfd1 Ne7 23. a4 Nc6 24. Qe3 Qe7 25. Rac1 Na5 26. Rxc8+ Rxc8 27. Ba6 Rc6 28. Bb5 Rc8 29. Ba6 Rc6 30. Bb5 1/2-1/2

[Event "Arco op 37th"]
[Site "Arco"]
[Date "2015.10.16"]
[Round "7"]
[White "Messina, Roberta"]
[Black "Mittelbach, Eduard"]
[Result "1-0"]
[WhiteElo "2046"]
[BlackElo "1753"]
[PlyCount "65"]
[EventDate "2015.10.10"]
[EventType "swiss"]
[EventRounds "9"]
[EventCountry "ITA"]
[SourceTitle "CBM 168 Extra"]
[Source "ChessBase"]
[SourceDate "2015.10.29"]
[SourceVersion "1"]
[SourceVersionDate "2015.10.29"]
[SourceQuality "1"]

1. d4 Nf6 2. c4 e5 3. dxe5 Ne4 4. Nf3 Bb4+ 5. Bd2 Nxd2 6. Nbxd2 Nc6 7. a3 Bxd2+ 8. Qxd2 Qe7 9. Qf4 0-0 10. Rd1 Re8 11. Rd5 b6 12. e3 Bb7 13. Qf5 Rad8 14. Be2 Qe6 15. Qh5 Ne7 16. Bd3 Qh6 17. Qxh6 gxh6 18. Rd4 Ng6 19. Bf5 Bxf3 20. gxf3 Nxe5 21. Rg1+ Kh8 22. Ke2 d6 23. Rh4 Ng6 24. Rxh6 Kg7 25. Rh4 Kf6 26. Rxh7 Rh8 27. Bxg6 fxg6 28. Rxc7 d5 29. cxd5 Rc8 30. Rc6+ Rxc6 31. dxc6 Rc8 32. Rc1 Ke6 33. c7 1-0

[Event "Arco op 37th"]
[Site "Arco"]
[Date "2015.10.10"]
[Round "1"]
[White "Messina, Roberta"]
[Black "Nanni, Sergio"]
[Result "1-0"]
[WhiteElo "2046"]
[BlackElo "1709"]
[PlyCount "65"]
[EventDate "2015.10.10"]
[EventType "swiss"]
[EventRounds "9"]
[EventCountry "ITA"]
[SourceTitle "CBM 168 Extra"]
[Source "ChessBase"]
[SourceDate "2015.10.29"]
[SourceVersion "1"]
[SourceVersionDate "2015.10.29"]
[SourceQuality "1"]

1. Nf3 Nf6 2. d4 e6 3. c4 b6 4. g3 Bb7 5. Bg2 Be7 6. 0-0 0-0 7. Nc3 d5 8. Qc2 Nbd7 9. Bf4 Rc8 10. cxd5 Nxd5 11. Ne5 c5 12. Nxd5 exd5 13. dxc5 bxc5 14. Qb3 Nb6 15. Bh3 c4 16. Qc2 Rc5 17. Bf5 g6 18. Bh3 g5 19. Bd2 d4 20. Ng4 Qd5 21. f3 f6 22. Nh6+ Kh8 23. Nf5 Rc7 24. Nxe7 Rxe7 25. Bb4 d3 26. exd3 cxd3 27. Qc5 Rfe8 28. Qxd5 Nxd5 29. Bxe7 Rxe7 30. Rae1 Ne3 31. Kf2 Nxf1 32. Rxe7 Ba6 33. Bxf1 1-0

[Event "Terre degli Elimi op 6th"]
[Site "Erice"]
[Date "2015.08.01"]
[Round "6"]
[White "Frigieri, Fabrizio"]
[Black "Messina, Roberta"]
[Result "1/2-1/2"]
[WhiteElo "2186"]
[BlackElo "1961"]
[PlyCount "138"]
[EventDate "2015.07.28"]
[EventType "swiss"]
[EventRounds "9"]
[EventCountry "ITA"]
[SourceTitle "EXT 2017"]
[Source "ChessBase"]
[SourceDate "2016.10.25"]
[SourceVersion "1"]
[SourceVersionDate "2016.10.25"]
[SourceQuality "1"]

1. e4 e6 2. d4 d5 3. Nc3 Nc6 4. exd5 exd5 5. Nf3 Nf6 6. Bd3 Bg4 7. Be3 Bb4 8. 0-0 0-0 9. a3 Bxc3 10. bxc3 Ne4 11. c4 Nc3 12. Qd2 dxc4 13. Bxh7+ Kxh7 14. Ng5+ Kg8 15. Qxc3 Qd5 16. f3 Bf5 17. g4 Bg6 18. Nh3 Rfe8 19. Nf4 Qa5 20. Qxa5 Nxa5 21. Bd2 Nc6 22. Nxg6 fxg6 23. c3 Ne7 24. Rab1 Rab8 25. Rb4 b5 26. a4 a6 27. axb5 axb5 28. Re1 c6 29. Kf2 Nd5 30. Rbb1 Kf7 31. Rxe8 Rxe8 32. Ra1 Re7 33. h4 Rb7 34. Ke2 Re7+ 35. Kd1 Ne3+ 36. Kc1 Nd5 37. Ra6 b4 38. cxb4 c3 39. Bxc3 Nxc3 40. Rxc6 Ne2+ 41. Kd2 Nxd4 42. Rc3 Rb7 43. Ke3 Rxb4 44. Rd3 Ne6 45. Kf2 Nf4 46. Ra3 Rb2+ 47. Kg3 Ne2+ 48. Kf2 Nd4+ 49. Kg3 Rb3 50. Ra7+ Kg8 51. Ra8+ Kh7 52. Rf8 g5 53. hxg5 Kg6 54. Kg2 Kxg5 55. Kg3 g6 56. Kg2 Nxf3 57. Rxf3 Rb4 58. Ra3 Rxg4+ 59. Kh3 Rh4+ 60. Kg3 Rg4+ 61. Kh3 Re4 62. Kg3 Kh5 63. Rb3 Rg4+ 64. Kh3 Rf4 65. Kg3 g5 66. Ra3 Rf5 67. Rb3 g4 68. Ra3 Kg5 69. Rb3 Rf3+ 1/2-1/2

[Event "Terre degli Elimi op 6th"]
[Site "Erice"]
[Date "2015.07.28"]
[Round "1"]
[White "Sardo, Gabriele"]
[Black "Messina, Roberta"]
[Result "1-0"]
[WhiteElo "2211"]
[BlackElo "1961"]
[PlyCount "71"]
[EventDate "2015.07.28"]
[EventType "swiss"]
[EventRounds "9"]
[EventCountry "ITA"]
[SourceTitle "EXT 2017"]
[Source "ChessBase"]
[SourceDate "2016.10.25"]
[SourceVersion "1"]
[SourceVersionDate "2016.10.25"]
[SourceQuality "1"]

1. d4 d5 2. c4 e6 3. Nf3 Nf6 4. Nc3 c6 5. g3 dxc4 6. Bg2 Bb4 7. 0-0 0-0 8. Qc2 Nbd7 9. e4 b5 10. a4 Qb6 11. axb5 cxb5 12. e5 Nd5 13. Ng5 g6 14. Nxd5 exd5 15. Bxd5 Bb7 16. Qe4 Bxd5 17. Qxd5 Rad8 18. e6 Nf6 19. exf7+ Kh8 20. Qe5 Rd5 21. Qe3 Ng4 22. Qf3 Rxd4 23. Bf4 h5 24. h3 Rxf4 25. Qxf4 Bd6 26. Qf3 Be7 27. hxg4 Bxg5 28. gxh5 Kg7 29. hxg6 Kxg6 30. Qe4+ Kg7 31. Qf5 Bf6 32. Qg4+ Kxf7 33. Qd7+ Kg6 34. Rxa7 Rh8 35. Qg4+ Bg5 36. Rfa1 1-0

[Event "Padova op-A 17th"]
[Site "Padova"]
[Date "2014.12.15"]
[Round "2.34"]
[White "Favero, Graziano"]
[Black "Messina, Roberta"]
[Result "0-1"]
[WhiteElo "1834"]
[BlackElo "2033"]
[PlyCount "104"]
[EventDate "2014.12.14"]
[EventType "swiss"]
[EventRounds "9"]
[EventCountry "ITA"]
[SourceTitle "EXT 2024"]
[Source "ChessBase"]
[SourceDate "2023.10.10"]
[SourceVersion "1"]
[SourceVersionDate "2023.10.10"]
[SourceQuality "1"]

1. e4 c5 2. Nf3 d6 3. d4 cxd4 4. Nxd4 Nf6 5. Nc3 a6 6. Be2 e6 7. Be3 Be7 8. 0-0 0-0 9. f4 Qc7 10. Qe1 Nc6 11. Kh1 Nxd4 12. Bxd4 b5 13. Qg3 b4 14. e5 dxe5 15. Bxe5 Qa5 16. Ne4 Ne8 17. Bf3 Ra7 18. Rfd1 Rd7 19. Rxd7 Bxd7 20. Rd1 Bb5 21. b3 Bc6 22. Nd6 Bxd6 23. Bxc6 Bxe5 24. fxe5 Qc5 25. Be4 f5 26. exf6 Rxf6 27. Qd3 Qh5 28. Bf3 Qe5 29. Qd4 Qf5 30. Qe4 Qxe4 31. Bxe4 Nd6 32. Bf3 e5 33. Bd5+ Kf8 34. Kg1 Nb5 35. Rf1 Nc3 36. Rxf6+ gxf6 37. Bc4 a5 38. Kf2 Ke7 39. Ke3 f5 40. g3 Kf6 41. h3 Kg5 42. Kf3 Nxa2 43. Bg8 h6 44. h4+ Kf6 45. Bc4 Nc3 46. Ke3 Ne4 47. g4 Nd6 48. gxf5 Nxc4+ 49. bxc4 Kxf5 50. Kd3 a4 51. c5 a3 52. c6 Ke6 0-1

[Event "Arco op 36th"]
[Site "Arco"]
[Date "2014.10.11"]
[Round "8"]
[White "Messina, Roberta"]
[Black "Schaefer, Michael"]
[Result "1/2-1/2"]
[WhiteElo "2006"]
[BlackElo "2155"]
[PlyCount "62"]
[EventDate "2014.10.04"]
[EventType "swiss"]
[EventRounds "9"]
[EventCountry "ITA"]
[SourceTitle "CBM 162 Extra"]
[Source "ChessBase"]
[SourceDate "2014.10.17"]
[SourceVersion "1"]
[SourceVersionDate "2014.10.17"]
[SourceQuality "1"]

1. d4 d5 2. c4 e6 3. Nf3 Nf6 4. g3 Bb4+ 5. Bd2 Be7 6. Bg2 0-0 7. 0-0 c6 8. Qc2 b6 9. Rd1 a5 10. Bg5 Nbd7 11. Nbd2 Ba6 12. Bxf6 Bxf6 13. e4 Rc8 14. Rac1 c5 15. e5 Be7 16. cxd5 cxd4 17. Qe4 Rxc1 18. Rxc1 exd5 19. Qxd5 d3 20. Nd4 Nc5 21. Nc6 Qc7 22. a3 Bb7 23. Nxe7+ Qxe7 24. Qd6 Qxd6 25. exd6 Bxg2 26. Kxg2 Rd8 27. b4 axb4 28. axb4 Nb7 29. Rc6 Rxd6 30. Rxd6 Nxd6 31. Kf3 Kf8 1/2-1/2

[Event "Arco op 36th"]
[Site "Arco"]
[Date "2014.10.10"]
[Round "7"]
[White "Dieli, Riccardo"]
[Black "Messina, Roberta"]
[Result "0-1"]
[WhiteElo "1857"]
[BlackElo "2006"]
[PlyCount "72"]
[EventDate "2014.10.04"]
[EventType "swiss"]
[EventRounds "9"]
[EventCountry "ITA"]
[SourceTitle "EXT 2016"]
[Source "ChessBase"]
[SourceDate "2015.10.08"]
[SourceVersion "1"]
[SourceVersionDate "2015.10.08"]
[SourceQuality "1"]

1. Nf3 d5 2. c4 d4 3. g3 Nc6 4. Bg2 e5 5. d3 Nf6 6. 0-0 Bd6 7. a3 a5 8. Nbd2 0-0 9. Qc2 Nd7 10. Ne4 Nc5 11. Nxd6 Qxd6 12. Bd2 a4 13. Bb4 Nxb4 14. axb4 Nb3 15. Ra3 Qxb4 16. Nxe5 Re8 17. f4 f6 18. Nf3 Ra5 19. Rd1 Bd7 20. Bf1 Qe7 21. e4 dxe3 22. Be2 Bg4 23. Qc3 b6 24. Re1 Qd6 25. Rxa4 Rxa4 26. Qxb3 Qb4 27. Qxb4 Rxb4 28. Rb1 Ra8 29. Kg2 Ra2 30. h3 Rbxb2 31. Rxb2 Rxb2 32. hxg4 Rxe2+ 33. Kg1 Rd2 34. Ne1 c6 35. Kf1 b5 36. cxb5 cxb5 0-1

[Event "Arco op 36th"]
[Site "Arco"]
[Date "2014.10.06"]
[Round "3"]
[White "Messina, Roberta"]
[Black "De Eccher, Stefano"]
[Result "0-1"]
[WhiteElo "2006"]
[BlackElo "2237"]
[PlyCount "104"]
[EventDate "2014.10.04"]
[EventType "swiss"]
[EventRounds "9"]
[EventCountry "ITA"]
[SourceTitle "CBM 162 Extra"]
[Source "ChessBase"]
[SourceDate "2014.10.17"]
[SourceVersion "1"]
[SourceVersionDate "2014.10.17"]
[SourceQuality "1"]

1. e4 c5 2. Nf3 d6 3. d4 cxd4 4. Qxd4 a6 5. c4 Nc6 6. Qd2 g6 7. b3 Bg7 8. Nc3 Nf6 9. Bb2 0-0 10. h3 Qa5 11. Rb1 b5 12. b4 Qxb4 13. a3 Qa5 14. cxb5 axb5 15. e5 Nxe5 16. Nxe5 dxe5 17. Bxb5 Rd8 18. Qe2 Bf5 19. Rc1 Bh6 20. Rd1 Rxd1+ 21. Qxd1 Rd8 22. Qb3 Ne4 23. 0-0 Nd2 24. Qb4 Qxb4 25. axb4 Nxf1 26. Bxf1 Bd2 27. g4 Bxc3 28. Bxc3 Bd3 29. Bg2 e4 30. Kh2 Bc2 31. Be5 Rd5 32. Bc7 f5 33. Bb6 f4 34. h4 h6 35. Bh3 g5 36. hxg5 hxg5 37. Bc5 Kf7 38. Bf1 Bd3 39. Bg2 Ke6 40. Kg1 Rd8 41. Kh2 Rh8+ 42. Kg1 f3 43. Bh1 Rh4 44. Be3 Rxg4+ 45. Kh2 Kd5 46. Bc5 e6 47. Be3 Kc4 48. Bc5 Kc3 49. Be3 Kc2 50. b5 Bxb5 51. Bb6 Kd1 52. Ba5 Ke2 0-1

[Event "Arco op 36th"]
[Site "Arco"]
[Date "2014.10.05"]
[Round "2"]
[White "Caruso, Augusto"]
[Black "Messina, Roberta"]
[Result "1/2-1/2"]
[WhiteElo "2264"]
[BlackElo "2006"]
[PlyCount "168"]
[EventDate "2014.10.04"]
[EventType "swiss"]
[EventRounds "9"]
[EventCountry "ITA"]
[SourceTitle "CBM 162 Extra"]
[Source "ChessBase"]
[SourceDate "2014.10.17"]
[SourceVersion "1"]
[SourceVersionDate "2014.10.17"]
[SourceQuality "1"]

1. e4 c5 2. Nf3 e6 3. d4 cxd4 4. Nxd4 Qc7 5. g3 a6 6. Bg2 Nf6 7. 0-0 Be7 8. Re1 d6 9. b3 0-0 10. c4 Nc6 11. Bb2 Rd8 12. Nc3 Rb8 13. Rc1 Nxd4 14. Qxd4 b6 15. h3 Bb7 16. Qe3 Re8 17. b4 Qxc4 18. Nd5 Nxd5 19. exd5 Qxa2 20. dxe6 fxe6 21. Bxb7 Rxb7 22. Qxe6+ Qxe6 23. Rxe6 Rd8 24. Rce1 Bf8 25. Ra1 a5 26. bxa5 bxa5 27. Bc3 d5 28. Rxa5 d4 29. Bd2 Rb1+ 30. Kg2 Rb2 31. Bg5 Rd7 32. Rf5 Rf7 33. Rxf7 Kxf7 34. Re4 d3 35. Be3 Bb4 36. Rd4 Rb3 37. Kf3 Ke6 38. Ke4 d2 39. Bxd2 Bxd2 40. Rxd2 Rb4+ 41. Rd4 Rb2 42. Kf3 Rc2 43. Ra4 Kf6 44. Ra7 Rb2 45. g4 h6 46. h4 Rb3+ 47. Kg2 Rb4 48. Kg3 Rc4 49. Ra3 Rb4 50. f3 Rc4 51. Re3 Rb4 52. Re4 Rb3 53. Ra4 Rb6 54. Rf4+ Ke7 55. Rf5 Rb4 56. g5 hxg5 57. hxg5 Ke6 58. Rf4 Rb1 59. Kg4 Rh1 60. Re4+ Kf7 61. Kf5 g6+ 62. Ke5 Rh8 63. Rf4+ Kg7 64. Rf6 Re8+ 65. Re6 Rf8 66. Re7+ Kg8 67. f4 Rf5+ 68. Ke4 Ra5 69. Rd7 Kf8 70. Rd5 Ra2 71. Rd6 Kf7 72. Rf6+ Kg7 73. Rc6 Re2+ 74. Kd5 Rd2+ 75. Ke4 Re2+ 76. Kf3 Re7 77. Rc4 Ra7 78. Rc5 Re7 79. Re5 Ra7 80. Re3 Rb7 81. Ke2 Rb4 82. Kf3 Rb7 83. Rd3 Re7 84. Rd5 Kf7 1/2-1/2

[Event "Olympiad Women-41"]
[Site "Tromsoe"]
[Date "2014.08.10"]
[Round "8.4"]
[White "Durno, Joy"]
[Black "Messina, Roberta"]
[Result "1-0"]
[WhiteElo "1862"]
[BlackElo "2042"]
[PlyCount "113"]
[EventDate "2014.08.02"]
[EventType "team-swiss"]
[EventRounds "11"]
[EventCountry "NOR"]
[SourceTitle "CBM 162"]
[Source "ChessBase"]
[SourceDate "2014.09.17"]
[SourceVersion "1"]
[SourceVersionDate "2014.09.17"]
[SourceQuality "1"]
[WhiteTeam "Scotland (W)"]
[BlackTeam "Italy (W)"]
[WhiteTeamCountry "SCO"]
[BlackTeamCountry "ITA"]

1. d4 d5 2. c4 e6 3. Nf3 Nf6 4. e3 c6 5. b3 Nbd7 6. Bb2 Be7 7. Bd3 0-0 8. Nc3 b6 9. 0-0 Bb7 10. Qe2 Qc7 11. e4 dxe4 12. Nxe4 Nxe4 13. Qxe4 Nf6 14. Qh4 h6 15. Ne5 c5 16. dxc5 Qxc5 17. Bd4 Qd6 18. Qf4 Nd7 19. Qe3 Bf6 20. f4 Rad8 21. Rad1 Qc7 22. Nxd7 Bxd4 23. Qxd4 Kh8 24. Bc2 Bc6 25. Qd3 f5 26. Qe3 Bxd7 27. Rd2 Bc8 28. Rfd1 Rxd2 29. Qxd2 e5 30. fxe5 Qxe5 31. Re1 Qc5+ 32. Qf2 Qb4 33. h3 Qd6 34. Rd1 Qf6 35. Qd4 Bb7 36. Qxf6 Rxf6 37. Rd7 Be4 38. Bxe4 fxe4 39. Rxa7 Re6 40. Kf2 Kh7 41. Rb7 Kg6 42. Ke3 Kf6 43. b4 Rc6 44. a4 g6 45. c5 bxc5 46. b5 Rd6 47. a5 Kf5 48. Rf7+ Ke6 49. Rc7 Rd3+ 50. Kxe4 Rd4+ 51. Ke3 Ra4 52. a6 c4 53. Kd4 Ra5 54. Rc6+ Kd7 55. Kxc4 g5 56. Kc5 h5 57. Kb6 1-0

[Event "Olympiad Women-41"]
[Site "Tromsoe"]
[Date "2014.08.06"]
[Round "5.4"]
[White "Varela la Madrid, Tilsia Carolin"]
[Black "Messina, Roberta"]
[Result "1/2-1/2"]
[WhiteElo "2008"]
[BlackElo "2042"]
[PlyCount "92"]
[EventDate "2014.08.02"]
[EventType "team-swiss"]
[EventRounds "11"]
[EventCountry "NOR"]
[SourceTitle "CBM 162"]
[Source "ChessBase"]
[SourceDate "2014.09.17"]
[SourceVersion "1"]
[SourceVersionDate "2014.09.17"]
[SourceQuality "1"]
[WhiteTeam "Venezuela (W)"]
[BlackTeam "Italy (W)"]
[WhiteTeamCountry "VEN"]
[BlackTeamCountry "ITA"]

1. e4 c5 2. c3 Nf6 3. e5 Nd5 4. d4 d6 5. Bc4 e6 6. Nf3 cxd4 7. cxd4 Nb6 8. Bd3 Nc6 9. 0-0 Be7 10. Nc3 d5 11. Qe2 a6 12. Be3 Na5 13. Nd2 Bd7 14. f4 g6 15. g4 Qc7 16. Rac1 Nc6 17. f5 0-0-0 18. f6 Bf8 19. a3 Be8 20. b4 Nc4 21. Bxc4 dxc4 22. Nxc4 Nxd4 23. Bxd4 Rxd4 24. Nd6+ Bxd6 25. exd6 Rxd6 26. Nb5 Bxb5 27. Rxc7+ Kxc7 28. Rc1+ Kd7 29. Qc2 Bc6 30. a4 Rd5 31. Rd1 Rc8 32. Rxd5+ Bxd5 33. Qd2 Rc4 34. h3 Kd6 35. Qh6 Rc8 36. Qxh7 e5 37. h4 Ke6 38. h5 Rc1+ 39. Kf2 gxh5 40. Qf5+ Kd6 41. gxh5 Rh1 42. Qg5 Rh2+ 43. Ke1 Rh1+ 44. Kd2 Rh2+ 45. Ke3 Rh3+ 46. Kf2 Rh2+ 1/2-1/2

[Event "Barbera del Valles op 37th"]
[Site "Barbera del Valles"]
[Date "2014.07.12"]
[Round "9"]
[White "Larsen, Karsten"]
[Black "Messina, Roberta"]
[Result "1-0"]
[WhiteElo "2265"]
[BlackElo "2057"]
[PlyCount "111"]
[EventDate "2014.07.04"]
[EventType "swiss"]
[EventRounds "9"]
[EventCountry "ESP"]
[SourceTitle "CBM 161 Extra"]
[Source "ChessBase"]
[SourceDate "2014.08.29"]
[SourceVersion "1"]
[SourceVersionDate "2014.08.29"]
[SourceQuality "1"]

1. e4 c5 2. Nf3 d6 3. Bb5+ Bd7 4. a4 a6 5. Bxd7+ Qxd7 6. 0-0 Nf6 7. Re1 Nc6 8. d3 g6 9. Bg5 Bg7 10. Nc3 e6 11. Qc1 0-0 12. e5 dxe5 13. Nxe5 Nxe5 14. Rxe5 Nd5 15. Nxd5 exd5 16. Re7 Qf5 17. Qf4 Qxf4 18. Bxf4 b5 19. Be5 Rfe8 20. Rxe8+ Rxe8 21. Bxg7 Kxg7 22. axb5 axb5 23. Kf1 b4 24. Ra5 Rc8 25. Ke2 Rc6 26. Kd2 Kf6 27. d4 cxd4 28. Rxd5 b3 29. cxb3 Rb6 30. Rxd4 Rxb3 31. Kc2 Rb7 32. b4 Ke5 33. Kc3 Rc7+ 34. Rc4 Rb7 35. Rc5+ Kd6 36. Kb3 Re7 37. Rc2 Re1 38. b5 Ra1 39. Kb4 Rb1+ 40. Ka5 Ra1+ 41. Kb6 f5 42. Rd2+ Ke5 43. Kb7 f4 44. f3 g5 45. b6 h5 46. h3 Kf5 47. Rc2 Re1 48. Kc8 g4 49. hxg4+ hxg4 50. b7 gxf3 51. gxf3 Kg5 52. b8Q Re8+ 53. Kc7 Rxb8 54. Kxb8 Kh4 55. Rg2 Kh3 56. Rg4 1-0

[Event "Barbera del Valles op 37th"]
[Site "Barbera del Valles"]
[Date "2014.07.06"]
[Round "3"]
[White "Jimenez Ruano, Adrian"]
[Black "Messina, Roberta"]
[Result "0-1"]
[WhiteElo "1851"]
[BlackElo "2057"]
[PlyCount "92"]
[EventDate "2014.07.04"]
[EventType "swiss"]
[EventRounds "9"]
[EventCountry "ESP"]
[SourceTitle "CBM 161 Extra"]
[Source "ChessBase"]
[SourceDate "2014.08.29"]
[SourceVersion "1"]
[SourceVersionDate "2014.08.29"]
[SourceQuality "1"]

1. d4 d5 2. c4 e6 3. Nf3 c6 4. Nc3 dxc4 5. a4 Bb4 6. e3 b5 7. Bd2 a5 8. axb5 Bxc3 9. Bxc3 cxb5 10. b3 Bb7 11. bxc4 b4 12. Bb2 Nf6 13. Bd3 Nbd7 14. 0-0 0-0 15. Re1 Qc7 16. e4 e5 17. Nxe5 Nxe5 18. dxe5 Nd7 19. f4 Nc5 20. Bc2 Rfd8 21. Qg4 Rd7 22. Re2 Rad8 23. Rf1 Ba6 24. e6 fxe6 25. Rff2 Rd1+ 26. Bxd1 Rxd1+ 27. Rf1 Rxf1+ 28. Kxf1 Bxc4 29. Kf2 Bxe2 30. Kxe2 Qd7 31. Qf3 a4 32. g4 Qb5+ 33. Kd2 Qc6 34. Ke3 a3 35. Bd4 b3 36. Qg2 Qxe4+ 37. Qxe4 Nxe4 38. Kd3 b2 39. Kc2 Nd2 40. Bxb2 axb2 41. Kxb2 Nf3 42. h3 Ng1 43. h4 Nh3 44. f5 exf5 45. gxf5 Kf7 46. Kc2 Kf6 0-1

[Event "Barbera del Valles op 37th"]
[Site "Barbera del Valles"]
[Date "2014.07.04"]
[Round "1"]
[White "Sardana, Rishi"]
[Black "Messina, Roberta"]
[Result "1-0"]
[WhiteElo "2363"]
[BlackElo "2057"]
[PlyCount "65"]
[EventDate "2014.07.04"]
[EventType "swiss"]
[EventRounds "9"]
[EventCountry "ESP"]
[SourceTitle "CBM 161 Extra"]
[Source "ChessBase"]
[SourceDate "2014.08.29"]
[SourceVersion "1"]
[SourceVersionDate "2014.08.29"]
[SourceQuality "1"]

1. e4 c5 2. Nf3 d6 3. d4 cxd4 4. Nxd4 Nf6 5. Nc3 a6 6. h3 e6 7. g4 Be7 8. Bg2 Nfd7 9. Be3 Nc6 10. h4 Qc7 11. g5 Nc5 12. h5 b5 13. Nxc6 Qxc6 14. Qd4 e5 15. Qd2 Be6 16. Nd5 Na4 17. 0-0-0 Rc8 18. Kb1 Bd8 19. f4 Ba5 20. Qd3 Bxd5 21. exd5 Qc7 22. fxe5 Bc3 23. exd6 Qxd6 24. Qe4+ Kf8 25. Bf4 Qc5 26. Bc1 Qd6 27. Rhf1 Rc4 28. Qe6 Qxe6 29. dxe6 Bd4 30. Rxf7+ Ke8 31. Rxd4 Rxd4 32. Bc6+ Kd8 33. e7+ 1-0

[Event "Forni di Sopra op 5th"]
[Site "Forni di Sopra"]
[Date "2014.06.14"]
[Round "1"]
[White "Messina, Roberta"]
[Black "Bruno, Fabio"]
[Result "0-1"]
[WhiteElo "2076"]
[BlackElo "2427"]
[PlyCount "188"]
[EventDate "2014.06.14"]
[EventType "swiss"]
[EventRounds "9"]
[EventCountry "ITA"]
[SourceTitle "CBM 160 Extra"]
[Source "ChessBase"]
[SourceDate "2014.07.01"]
[SourceVersion "1"]
[SourceVersionDate "2014.07.01"]
[SourceQuality "1"]

1. Nf3 c5 2. c4 Nf6 3. Nc3 g6 4. d4 cxd4 5. Nxd4 Nc6 6. Nc2 Bg7 7. e4 d6 8. Be2 0-0 9. 0-0 Nd7 10. Be3 Nc5 11. f3 Bxc3 12. bxc3 Be6 13. Qe1 Ne5 14. Bh6 Nxc4 15. Nd4 Ne5 16. f4 Nc6 17. f5 Bd7 18. Bxf8 Qxf8 19. fxg6 hxg6 20. Qh4 Ne5 21. Nf3 Ng4 22. Ng5 Qh6 23. Qxh6 Nxh6 24. Bc4 Be8 25. Rae1 Nd7 26. Bd5 Rb8 27. Rb1 b6 28. Bc6 Rc8 29. Bb5 Rc5 30. h4 Nf6 31. Bxe8 Nxe8 32. Rf3 Nf6 33. Re1 Nhg4 34. Nh3 Ne5 35. Rg3 Ra5 36. Re2 Rb5 37. Nf4 Rb1+ 38. Kh2 Nfg4+ 39. Rxg4 Nxg4+ 40. Kg3 Ne5 41. Rc2 Kf8 42. Ne2 e6 43. Nd4 Re1 44. Nb5 Ke7 45. Nxa7 Rxe4 46. Nb5 Nc4 47. Kh3 d5 48. a4 Nd6 49. g4 Re3+ 50. Kh2 Ne4 51. c4 Nf6 52. cxd5 Nxd5 53. Nc7 Nc3 54. Na8 Nxa4 55. Rc7+ Kf8 56. Ra7 Re4 57. Kh3 Rd4 58. Nc7 Nc5 59. Ra8+ Ke7 60. h5 gxh5 61. gxh5 Ne4 62. Rb8 Rd3+ 63. Kh4 Rd1 64. Rxb6 Rh1+ 65. Kg4 Nf6+ 66. Kf3 Rxh5 67. Nb5 Rf5+ 68. Ke2 Re5+ 69. Kf3 Rd5 70. Rb7+ Rd7 71. Rb8 Rd3+ 72. Ke2 Rb3 73. Rb7+ Kf8 74. Kd2 Ne4+ 75. Kc2 Rb4 76. Nd6 Rxb7 77. Nxb7 Ke7 78. Kd3 f5 79. Na5 Nd6 80. Kd4 Kf6 81. Nc6 Nf7 82. Ke3 e5 83. Nb4 Ke6 84. Nd3 Ng5 85. Nf2 f4+ 86. Ke2 Kf5 87. Kf1 e4 88. Nd1 Nf3 89. Ke2 Nd4+ 90. Kf2 Kg4 91. Kf1 e3 92. Nb2 Kf3 93. Nd3 e2+ 94. Ke1 Ke3 0-1

[Event "Arco Pasqua op 1st"]
[Site "Arco"]
[Date "2014.04.06"]
[Round "1"]
[White "Vaccari, Giorgio"]
[Black "Messina, Roberta"]
[Result "0-1"]
[WhiteElo "1699"]
[BlackElo "2081"]
[PlyCount "68"]
[EventDate "2014.04.06"]
[EventType "swiss"]
[EventRounds "7"]
[EventCountry "ITA"]
[SourceTitle "CBM 160 Extra"]
[Source "ChessBase"]
[SourceDate "2014.07.01"]
[SourceVersion "1"]
[SourceVersionDate "2014.07.01"]
[SourceQuality "1"]

1. e4 c5 2. Nc3 Nc6 3. g3 g6 4. Bg2 Bg7 5. d3 Nf6 6. f4 d6 7. Nf3 0-0 8. 0-0 e6 9. Kh1 Rb8 10. Be3 Ng4 11. Bg1 Nh6 12. Qd2 Qa5 13. Rad1 Nd4 14. e5 Nxf3 15. Bxf3 dxe5 16. fxe5 Nf5 17. Qe2 Nd4 18. Bxd4 cxd4 19. Ne4 Qxe5 20. Qd2 Qc7 21. Bg2 Qe7 22. Rde1 b6 23. Qe2 Bb7 24. Qf2 Rbc8 25. Nf6+ Bxf6 26. Bxb7 Qxb7+ 27. Kg1 Bg7 28. Re2 Qd5 29. b3 Bh6 30. Qg2 Be3+ 31. Kh1 Qxg2+ 32. Kxg2 Rc5 33. Rf3 Rfc8 34. c4 dxc3 0-1